Normal view
MARC view
Entry Personal Name
001 - CONTROL NUMBER
- control field: 82502
003 - CONTROL NUMBER IDENTIFIER
- control field: OSt
005 - DATE AND TIME OF LATEST TRANSACTION
- control field: 20241018122245.0
008 - FIXED-LENGTH DATA ELEMENTS
- fixed length control field: 241018|| aca||aabn | a|a d
040 ## - CATALOGING SOURCE
- Original cataloging agency: OSt
- Transcribing agency: OSt
100 ## - HEADING--PERSONAL NAME
- Personal name: अभिषेक सर
670 ## - SOURCE DATA FOUND
- Source citation: Work cat.: (OSt)67019: अभिषेक सर , संकल्प SSC-GD कॉन्स्टेबल 2025, 2024









